Najwięksi konsumenci piwa na mieszkańca - Statystyki

Ogólne statystyki
  • Ten quiz został rozwiązany 206 razy
  • Średni wynik to 10 z 20
Statystyki odpowiedzi
litry / rok Kraj % Poprawnych
100.8 Polska
99%
104.2 Niemcy
98%
143.3 Czechy
90%
80.1 Słowacja
85%
106 Austria
77%
88.7 Litwa
67%
84.8 Hiszpania
64%
98.2 Irlandia
64%
94.1 Rumunia
62%
89.5 Estonia
61%
78.7 Chorwacja
59%
76.9 Finlandia
56%
80.3 Słowenia
55%
76.3 Bułgaria
50%
75 Islandia
45%
108 Namibia
5%
75 Panama
3%
85 Belize
2%
77.8 Gabon
2%
90 Seszele
2%
Nie znaleziono quizów pasujących do podanych kryteriów
Rozkład punktacji
Procent ludzi z każdym wynikiem
Percentyl według liczby udzielonych odpowiedzi
Twoja historia wyników
Nie rozwiązałeś tego quizu